UBT Library

AC motors for high-performance applications : (Record no. 1381)

000 -LEADER
fixed length control field 00590nam a22001937a 4500
008 - FIXED-LENGTH DATA ELEMENTS--GENERAL INFORMATION
fixed length control field 151124b xxu||||| |||| 00| 0 eng d
020 ## - INTERNATIONAL STANDARD BOOK NUMBER
International Standard Book Number 0824774922
041 0# - LANGUAGE CODE
Language code of text/sound track or separate title eng
080 ## - UNIVERSAL DECIMAL CLASSIFICATION NUMBER
Universal Decimal Classification number 621.333
100 1# - Rafti
Rafti Yamamura, Sakae,
245 10 - TITLE STATEMENT
Title AC motors for high-performance applications :
Statement of responsibility, etc Sakae Yamamura.
260 ## -
-- New York :
-- Dekker,
-- c1986.
300 ## -
-- viii, 215 f. :
-- me ill. ;
-- 24 cm.
490 1# -
-- Electrical engineering and electronics ;
-- 30
650 #0 -
-- Motorët elektrikë
650 #0 -
-- Rryma alternative
650 #0 -
-- Elektronika
942 ## - ADDED ENTRY ELEMENTS (KOHA)
Source of classification or shelving scheme
Item type Books
Holdings
Withdrawn status Lost status Source of classification or shelving scheme Damaged status Not for loan Collection code Permanent location Current location Shelving location Date acquired Total Checkouts Full call number Barcode Date last seen Koha item type
          Koleksioni i përgjithshem UBT - Lipjan UBT - Lipjan Koleksioni i përgjithshem 11/24/2015   621.333 YAM 002-008768 11/24/2015 Books
UBT Library © 2015-2024. All rights reserved University Education for Business and Technology